Central Library OPAC University of Rajshahi
Normal view MARC view

Entry Topical Term

Number of records used in: 2

001 - CONTROL NUMBER

  • control field: 5628

003 - CONTROL NUMBER IDENTIFIER

  • control field: BD-RjUL

005 - DATE AND TIME OF LATEST TRANSACTION

  • control field: 20221101115843.0

008 - FIXED-LENGTH DATA ELEMENTS

  • fixed length control field: 221101|| aca||aabn | a|a d

040 ## - CATALOGING SOURCE

  • Original cataloging agency: BD-RjUL
  • Transcribing agency: BD-RjUL

150 ## - HEADING--TOPICAL TERM

  • Topical term or geographic name entry element: রোহিঙ্গা (বার্মিজ মানুষ)
  • General subdivision: সমস্যা
  • Chronological subdivision: ১৯৭৮-১৯৯৪
  • Geographic subdivision: মায়ানমার

670 ## - SOURCE DATA FOUND

  • Source citation: Work cat.: (BD-RjUL)80680: রহমান, মো: মাহফুজুর, রোহিঙ্গা সমস্যা :, ২০০০